[Event "Heraklion op 7th"]
[Site "Heraklion"]
[Date "2011.08.08"]
[Round "4"]
[White "Sandalakis, Nikolaos"]
[Black "Kounalakis, Evryklis"]
[Result "1-0"]
[WhiteElo "1925"]
[BlackElo "2196"]
[PlyCount "67"]
[EventDate "2011.08.06"]
[EventType "swiss"]
[EventRounds "9"]
[EventCountry "GRE"]
[SourceTitle "CBM 144 Extra"]
[Source "ChessBase"]
[SourceDate "2011.10.28"]
[SourceVersion "1"]
[SourceVersionDate "2011.10.28"]
[SourceQuality "1"]

1. e4 c6 2. d4 d5 3. Nc3 dxe4 4. Nxe4 Bf5 5. Nc5 b6 6. Nb3 e6 7. Nf3 Nd7 8. g3 Ngf6 9. Bg2 Rc8 10. 0-0 Be7 11. Re1 0-0 12. Qe2 Be4 13. c4 Bd6 14. Nbd2 Bf5 15. b3 c5 16. Bb2 Qc7 17. Nb1 Bg4 18. Na3 a6 19. Qd2 cxd4 20. Nxd4 Bc5 21. b4 Be7 22. h3 Bh5 23. Nc6 Bd6 24. b5 a5 25. Nc2 Rfe8 26. Qc3 Nb8 27. N2d4 Bc5 28. a3 h6 29. Nb3 Bd6 30. c5 bxc5 31. Nxc5 Nxc6 32. Bxc6 Qb6 33. Nd7 Qa7 34. Nxf6+ 1-0

[Event "Heraklion op 7th"]
[Site "Heraklion"]
[Date "2011.08.07"]
[Round "3"]
[White "Kounalakis, Evryklis"]
[Black "Kharitonov, Alexandr"]
[Result "0-1"]
[WhiteElo "2196"]
[BlackElo "2539"]
[PlyCount "64"]
[EventDate "2011.08.06"]
[EventType "swiss"]
[EventRounds "9"]
[EventCountry "GRE"]
[SourceTitle "CBM 144 Extra"]
[Source "ChessBase"]
[SourceDate "2011.10.28"]
[SourceVersion "1"]
[SourceVersionDate "2011.10.28"]
[SourceQuality "1"]

1. e4 c6 2. d4 d5 3. Nc3 dxe4 4. Nxe4 Bf5 5. Ng3 Bg6 6. h4 h6 7. Nf3 Nd7 8. h5 Bh7 9. Bd3 Bxd3 10. Qxd3 e6 11. Bd2 Ngf6 12. 0-0-0 Be7 13. Qe2 0-0 14. Nf1 Nb6 15. Kb1 Qd5 16. Ne3 Qe4 17. Rh4 Qh7 18. Ng4 Nxg4 19. Rxg4 Nd7 20. Ne5 Nf6 21. Ng6 Rfe8 22. Nxe7+ Rxe7 23. Rh4 Rd7 24. f3 Rad8 25. Be3 Rd5 26. g4 c5 27. Qf2 e5 28. g5 exd4 29. gxf6 dxe3 30. Rxd5 Rxd5 31. Qf1 Rd2 32. Re4 Qxe4 0-1

[Event "Rethymno op 3rd"]
[Site "Rethymno"]
[Date "2011.07.18"]
[Round "9"]
[White "Bellia, Fabrizio"]
[Black "Kounalakis, Evryklis"]
[Result "1-0"]
[WhiteElo "2424"]
[BlackElo "2196"]
[PlyCount "59"]
[EventDate "2011.07.11"]
[EventType "swiss"]
[EventRounds "9"]
[EventCountry "GRE"]
[SourceTitle "CBM 143 Extra"]
[Source "ChessBase"]
[SourceDate "2011.08.29"]
[SourceVersion "1"]
[SourceVersionDate "2011.08.29"]
[SourceQuality "1"]

1. e4 c6 2. d4 d5 3. Nc3 dxe4 4. Nxe4 Bf5 5. Ng3 Bg6 6. h4 h6 7. Nf3 Nd7 8. h5 Bh7 9. Bd3 Bxd3 10. Qxd3 e6 11. Bf4 Qa5+ 12. Bd2 Bb4 13. c3 Be7 14. c4 Qc7 15. 0-0-0 Ngf6 16. Kb1 0-0 17. Ne4 b5 18. Nxf6+ Nxf6 19. Rc1 b4 20. c5 a5 21. Ne5 Rad8 22. Bf4 Qb7 23. Qg3 Ne4 24. Qf3 Rxd4 25. Ka1 f6 26. Ng6 Rfd8 27. Be3 Ng5 28. Qxc6 R4d7 29. Qxb7 Rxb7 30. c6 1-0

[Event "Rethymno op 3rd"]
[Site "Rethymno"]
[Date "2011.07.12"]
[Round "3"]
[White "Nikolov, Momchil"]
[Black "Kounalakis, Evryklis"]
[Result "1/2-1/2"]
[WhiteElo "2589"]
[BlackElo "2196"]
[PlyCount "84"]
[EventDate "2011.07.11"]
[EventType "swiss"]
[EventRounds "9"]
[EventCountry "GRE"]
[SourceTitle "CBM 143 Extra"]
[Source "ChessBase"]
[SourceDate "2011.08.29"]
[SourceVersion "1"]
[SourceVersionDate "2011.08.29"]
[SourceQuality "1"]

1. d4 d5 2. Nf3 Nf6 3. c4 c6 4. Nc3 e6 5. Bg5 h6 6. Bxf6 Qxf6 7. e3 Nd7 8. Bd3 dxc4 9. Bxc4 g6 10. 0-0 Bg7 11. Rc1 0-0 12. e4 e5 13. d5 Nb6 14. dxc6 bxc6 15. Be2 h5 16. Na4 Rd8 17. Qc2 Bg4 18. a3 Rd6 19. Nc5 Bh6 20. Rcd1 Rad8 21. Rxd6 Rxd6 22. Nb3 Nd7 23. Ne1 Be6 24. Bc4 Nf8 25. Nd3 Bxc4 26. Qxc4 Ne6 27. Nb4 Nf4 28. g3 Nh3+ 29. Kg2 Ng5 30. f4 exf4 31. gxf4 Qe6 32. Qxe6 Nxe6 33. f5 Nf4+ 34. Kg3 Nd3 35. Nxd3 Rxd3+ 36. Rf3 Rxf3+ 37. Kxf3 Bg7 38. Na5 Bxb2 39. Nxc6 Bxa3 40. Nxa7 Bd6 41. h3 Kg7 42. fxg6 Kxg6 1/2-1/2

[Event "Heraklion op 6th"]
[Site "Heraklion"]
[Date "2010.08.22"]
[Round "2"]
[White "Kounalakis, Evryklis"]
[Black "Nichlos, Antonios"]
[Result "1-0"]
[WhiteElo "2142"]
[BlackElo "1720"]
[PlyCount "59"]
[EventDate "2010.08.22"]
[EventType "swiss"]
[EventRounds "9"]
[EventCountry "GRE"]
[SourceTitle "CBM 138 Extra"]
[Source "ChessBase"]
[SourceDate "2010.10.29"]
[SourceVersion "1"]
[SourceVersionDate "2010.10.29"]
[SourceQuality "1"]

1. e4 c5 2. c3 Nf6 3. e5 Nd5 4. d4 d6 5. Nf3 Bg4 6. Bb5+ Bd7 7. Bc4 Bc6 8. dxc5 dxc5 9. e6 f6 10. 0-0 Qd6 11. Qe2 a6 12. a4 Qc7 13. Rd1 Nb6 14. Bb3 g6 15. a5 Nc8 16. Be3 b6 17. axb6 Qxb6 18. Bc4 Nd6 19. b4 Nxc4 20. Qxc4 Bb5 21. Qa2 Bc6 22. Bxc5 Qb7 23. Qd2 Qc8 24. Nd4 Bb7 25. Na3 Nc6 26. Qe2 Bg7 27. Nc4 Nxd4 28. cxd4 Qc6 29. d5 Qb5 30. Ra5 1-0

[Event "Rethymno op 2nd"]
[Site "Rethymno"]
[Date "2010.07.14"]
[Round "2"]
[White "Georgiadis, Ioannis"]
[Black "Kounalakis, Evryklis"]
[Result "1-0"]
[WhiteElo "2457"]
[BlackElo "2142"]
[PlyCount "87"]
[EventDate "2010.07.13"]
[EventType "swiss"]
[EventRounds "9"]
[EventCountry "GRE"]
[SourceTitle "CBM 137 Extra"]
[Source "ChessBase"]
[SourceDate "2010.09.01"]
[SourceVersion "1"]
[SourceVersionDate "2010.09.01"]
[SourceQuality "1"]

1. e4 c6 2. d4 d5 3. Nc3 dxe4 4. Nxe4 Bf5 5. Ng3 Bg6 6. h4 h6 7. Nf3 Nd7 8. h5 Bh7 9. Bd3 Bxd3 10. Qxd3 e6 11. Bd2 Ngf6 12. 0-0-0 Be7 13. Qe2 0-0 14. Nf1 c5 15. g4 Nd5 16. c4 Nb4 17. dxc5 Na6 18. Rg1 Naxc5 19. g5 hxg5 20. Nxg5 Qb6 21. Bc3 f6 22. Nxe6 Qxe6 23. Qxe6+ Nxe6 24. Rxd7 Rf7 25. Rxb7 Nf4 26. Kc2 Nxh5 27. Ne3 Bf8 28. Rxf7 Kxf7 29. Rd1 Nf4 30. Rd7+ Ke6 31. Rb7 g5 32. b4 Nh3 33. Bd4 Rc8 34. b5 f5 35. Rxa7 f4 36. Ra6+ Kd7 37. Nf5 Rxc4+ 38. Kd3 Rb4 39. Rf6 Nxf2+ 40. Bxf2 Rxb5 41. Rxf8 Rb2 42. Bd4 Rxa2 43. Ke4 Ra5 44. Rg8 1-0

[Event "Thessaloniki Triandria op 2nd"]
[Site "Thessaloniki"]
[Date "2009.04.27"]
[Round "1"]
[White "Dimitrov, Radoslav"]
[Black "Kounalakis, Evryklis"]
[Result "1/2-1/2"]
[WhiteElo "2388"]
[BlackElo "2090"]
[PlyCount "97"]
[EventDate "2009.04.27"]
[EventType "swiss"]
[EventRounds "9"]
[EventCountry "GRE"]
[SourceTitle "CBM 130 Extra"]
[Source "ChessBase"]
[SourceDate "2009.07.02"]
[SourceVersion "2"]
[SourceVersionDate "2009.07.15"]
[SourceQuality "1"]

1. c4 c6 2. d4 d5 3. Nf3 Nf6 4. Nc3 e6 5. Bg5 h6 6. Bxf6 Qxf6 7. e3 Nd7 8. cxd5 exd5 9. Bd3 Bb4 10. 0-0 0-0 11. a3 Bxc3 12. bxc3 Nb6 13. Qc2 Be6 14. a4 Rac8 15. Rfb1 Rc7 16. a5 Nd7 17. c4 dxc4 18. Bxc4 Rfc8 19. Bxe6 fxe6 20. Ra4 b5 21. axb6 axb6 22. Rc4 Qf5 23. Qxf5 exf5 24. Nh4 Rf8 25. Ng6 Re8 26. d5 Ne5 27. Nxe5 Rxe5 28. dxc6 Rc5 29. Rxc5 bxc5 30. Rb6 Kf8 31. Kf1 Ke7 32. Ke2 Kd6 33. Kd3 Rxc6 34. Rb8 Ra6 35. Rb7 g6 36. f4 Ke6 37. Kc4 Ra2 38. Rb6+ Kf7 39. Kd5 Re2 40. Rb3 Kf6 41. h4 h5 42. g3 Rg2 43. Rb6+ Kg7 44. Ke6 Rxg3 45. Rb7+ Kh6 46. Kf6 Rxe3 47. Rb8 Kh7 48. Rb7+ Kh6 49. Rb8 1/2-1/2

[Event "GRE-chT 36th"]
[Site "Kallithea"]
[Date "2008.07.07"]
[Round "3.9"]
[White "Kounalakis, Evryklis"]
[Black "Grapsa, Georgia"]
[Result "1/2-1/2"]
[WhiteElo "2120"]
[BlackElo "2104"]
[PlyCount "79"]
[EventDate "2008.07.06"]
[EventType "team-tourn"]
[EventRounds "7"]
[EventCountry "GRE"]
[SourceTitle "CBM 125 Extra"]
[Source "ChessBase"]
[SourceDate "2008.09.01"]
[SourceVersion "1"]
[SourceVersionDate "2008.09.01"]
[SourceQuality "1"]

1. d4 Nf6 2. Bg5 d5 3. Nf3 Ne4 4. Bf4 c5 5. e3 e6 6. c3 Bd6 7. Bxd6 Qxd6 8. Nbd2 Nxd2 9. Qxd2 0-0 10. Be2 Nc6 11. Rd1 b6 12. 0-0 Bb7 13. Bb5 a6 14. Ba4 Rad8 15. a3 b5 16. Bc2 e5 17. dxe5 Nxe5 18. Nxe5 Qxe5 19. Qd3 g6 20. Rd2 f5 21. Rfd1 Bc6 22. b4 c4 23. Qd4 Qxd4 24. Rxd4 Rfe8 25. g3 Re7 26. Ra1 a5 27. a4 axb4 28. axb5 Ra8 29. Rxa8+ Bxa8 30. cxb4 Ra7 31. Kf1 Ra2 32. Rd2 Rb2 33. Ke1 Rxb4 34. Rd4 Kf7 35. g4 fxg4 36. Rxg4 Rxb5 37. Rh4 Kg7 38. Rd4 Ra5 39. Kd2 Ra3 40. e4 1/2-1/2

[Event "EU-ch 9th"]
[Site "Plovdiv"]
[Date "2008.04.30"]
[Round "9"]
[White "Pesotsky, Vitaly"]
[Black "Kounalakis, Evryklis"]
[Result "1/2-1/2"]
[WhiteElo "2371"]
[BlackElo "2099"]
[PlyCount "103"]
[EventDate "2008.04.21"]
[EventType "swiss"]
[EventRounds "11"]
[EventCountry "BUL"]
[SourceTitle "CBM 124"]
[Source "ChessBase"]
[SourceDate "2008.05.28"]
[SourceVersion "1"]
[SourceVersionDate "2008.05.28"]
[SourceQuality "1"]

1. e4 c6 2. d4 d5 3. Nc3 dxe4 4. Nxe4 Bf5 5. Ng3 Bg6 6. h4 h6 7. Nf3 Nd7 8. h5 Bh7 9. Bd3 Bxd3 10. Qxd3 e6 11. Bd2 Ngf6 12. 0-0-0 Be7 13. Qe2 0-0 14. Kb1 c5 15. Bc1 Qb6 16. Ka1 a5 17. Ne4 Nxe4 18. Qxe4 Nf6 19. Qe2 Qa6 20. c4 Rfd8 21. g4 cxd4 22. Nxd4 Bc5 23. Nb5 Qc6 24. f3 Be7 25. Bd2 Bb4 26. Bf4 a4 27. a3 Ba5 28. Be5 Rxd1+ 29. Rxd1 Rd8 30. Bxf6 gxf6 31. Rxd8+ Bxd8 32. Nc3 Bb6 33. Qd3 Bc7 34. Qe4 Qa6 35. f4 Qd6 36. f5 Qa6 37. fxe6 Qxe6 38. Qxb7 Qxc4 39. Qa8+ Kg7 40. Qxa4 Qf1+ 41. Ka2 Be5 42. Qe4 Qc1 43. Kb3 Bxc3 44. bxc3 Qd1+ 45. Kb2 Qd2+ 46. Qc2 Qd7 47. Qe2 Qa4 48. c4 Qd7 49. Qf3 Qd4+ 50. Kb3 Qb6+ 51. Kc2 Qc5 52. a4 1/2-1/2

[Event "EU-ch 9th"]
[Site "Plovdiv"]
[Date "2008.04.29"]
[Round "8"]
[White "Kounalakis, Evryklis"]
[Black "Tahirov, Farhad"]
[Result "1/2-1/2"]
[WhiteElo "2099"]
[BlackElo "2533"]
[PlyCount "90"]
[EventDate "2008.04.21"]
[EventType "swiss"]
[EventRounds "11"]
[EventCountry "BUL"]
[SourceTitle "CBM 124"]
[Source "ChessBase"]
[SourceDate "2008.05.28"]
[SourceVersion "1"]
[SourceVersionDate "2008.05.28"]
[SourceQuality "1"]

1. d4 Nf6 2. Bg5 e6 3. Nf3 c5 4. c3 cxd4 5. Bxf6 Qxf6 6. cxd4 a6 7. e3 d5 8. Be2 Bd6 9. Nc3 b5 10. 0-0 Bb7 11. Qb3 Nd7 12. Rfc1 Qe7 13. Na4 0-0 14. Rc2 Rab8 15. Nc3 f5 16. Rac1 g5 17. Nd2 Rf6 18. g3 g4 19. f4 gxf3 20. Bxf3 Rh6 21. Nf1 Kh8 22. Ne2 Nb6 23. Nf4 Nc4 24. Qd3 Qg7 25. b3 Nb6 26. Rg2 Qf7 27. Rcc2 Nd7 28. Qd1 a5 29. Qd2 Bb4 30. Qd1 Qe7 31. g4 fxg4 32. Rxg4 Bd6 33. Rcg2 Rf8 34. Qe1 Nf6 35. Rh4 Rxh4 36. Qxh4 Bxf4 37. Qxf4 Nd7 38. Qg3 e5 39. Bg4 Rg8 40. Qf2 Nf6 41. Bf5 Rxg2+ 42. Qxg2 b4 43. Qg3 e4 44. Qb8+ Ne8 45. Ng3 Kg7 1/2-1/2

[Event "EU-ch 9th"]
[Site "Plovdiv"]
[Date "2008.04.22"]
[Round "2"]
[White "Loeffler, Stefan"]
[Black "Kounalakis, Evryklis"]
[Result "1-0"]
[WhiteElo "2409"]
[BlackElo "2099"]
[PlyCount "63"]
[EventDate "2008.04.21"]
[EventType "swiss"]
[EventRounds "11"]
[EventCountry "BUL"]
[SourceTitle "CBM 124"]
[Source "ChessBase"]
[SourceDate "2008.05.28"]
[SourceVersion "1"]
[SourceVersionDate "2008.05.28"]
[SourceQuality "1"]

1. Nf3 e6 2. g3 Nf6 3. Bg2 d5 4. 0-0 Be7 5. d4 0-0 6. c4 b6 7. Nc3 Bb7 8. Bf4 a6 9. Qb3 Nc6 10. cxd5 exd5 11. Rfd1 Na5 12. Qc2 Nc4 13. Ne5 Nd6 14. Rac1 Ra7 15. Qb3 Nde4 16. Nxe4 Nxe4 17. Nc6 Bxc6 18. Rxc6 Bg5 19. Bxg5 Qxg5 20. Qc2 Re8 21. Rxc7 Rxc7 22. Qxc7 h5 23. e3 h4 24. Qf4 Qxf4 25. gxf4 Rc8 26. Bxe4 dxe4 27. d5 h3 28. d6 Rd8 29. f3 f5 30. fxe4 fxe4 31. Kf2 Kf7 32. Rd4 1-0

[Event "EU-ch 9th"]
[Site "Plovdiv"]
[Date "2008.04.21"]
[Round "1"]
[White "Kounalakis, Evryklis"]
[Black "Mastrovasilis, Athanasios"]
[Result "0-1"]
[WhiteElo "2099"]
[BlackElo "2524"]
[PlyCount "46"]
[EventDate "2008.04.21"]
[EventType "swiss"]
[EventRounds "11"]
[EventCountry "BUL"]
[SourceTitle "CBM 124"]
[Source "ChessBase"]
[SourceDate "2008.05.28"]
[SourceVersion "1"]
[SourceVersionDate "2008.05.28"]
[SourceQuality "1"]

1. d4 d5 2. Nf3 c5 3. c3 e6 4. g3 Nf6 5. Bg2 Nbd7 6. 0-0 Be7 7. Nbd2 0-0 8. Qc2 b6 9. e4 dxe4 10. Nxe4 Bb7 11. Nxf6+ Nxf6 12. Re1 cxd4 13. Nxd4 Bxg2 14. Kxg2 Qd5+ 15. f3 Bc5 16. Be3 Rac8 17. Qe2 Rfd8 18. Nb3 Bxe3 19. Qxe3 h5 20. Rad1 Qxd1 21. Rxd1 Rxd1 22. Nd4 Nd5 23. Qe2 Rxd4 0-1

[Event "Heraklion Gazi op"]
[Site "Heraklion"]
[Date "2007.09.08"]
[Round "8"]
[White "Sandalakis, Nikolaos"]
[Black "Kounalakis, Evryklis"]
[Result "1/2-1/2"]
[WhiteElo "1605"]
[BlackElo "2132"]
[PlyCount "59"]
[EventDate "2007.09.02"]
[EventType "swiss"]
[EventRounds "9"]
[EventCountry "GRE"]
[SourceTitle "EXT 2008"]
[Source "ChessBase"]
[SourceDate "2007.11.25"]
[SourceVersion "1"]
[SourceVersionDate "2007.11.25"]
[SourceQuality "1"]

1. e4 c6 2. d4 d5 3. Nc3 dxe4 4. Nxe4 Bf5 5. Ng3 Bg6 6. h4 h6 7. h5 Bh7 8. Nf3 Nd7 9. Bd3 Bxd3 10. Qxd3 e6 11. Bd2 Ngf6 12. 0-0-0 Qc7 13. Ne4 Nxe4 14. Qxe4 Nf6 15. Qe2 0-0-0 16. g3 Bd6 17. c4 c5 18. Bc3 Rhe8 19. Kb1 Qc6 20. Rh4 Bc7 21. Ne5 Bxe5 22. Qxe5 Rd6 23. Bd2 Rxd4 24. Rxd4 cxd4 25. Qxd4 Qe4+ 26. Qxe4 Nxe4 27. Be3 b6 28. g4 Rd8 29. Rxd8+ Kxd8 30. Kc2 1/2-1/2

[Event "Heraklion Gazi op"]
[Site "Heraklion"]
[Date "2007.09.04"]
[Round "4"]
[White "Sekadakis, Dimitrios"]
[Black "Kounalakis, Evryklis"]
[Result "1/2-1/2"]
[WhiteElo "1929"]
[BlackElo "2132"]
[PlyCount "104"]
[EventDate "2007.09.02"]
[EventType "swiss"]
[EventRounds "9"]
[EventCountry "GRE"]
[SourceTitle "EXT 2008"]
[Source "ChessBase"]
[SourceDate "2007.11.25"]
[SourceVersion "1"]
[SourceVersionDate "2007.11.25"]
[SourceQuality "1"]

1. d4 d5 2. c4 c6 3. Nc3 Nf6 4. Nf3 dxc4 5. a4 Bf5 6. e3 e6 7. Bxc4 Bb4 8. 0-0 Nbd7 9. Qe2 0-0 10. Rd1 Qc7 11. Nh4 Bg6 12. Nxg6 hxg6 13. e4 e5 14. Na2 Be7 15. dxe5 Nxe5 16. Bf4 Bd6 17. Bxe5 Bxe5 18. g3 Qb6 19. Kg2 Rae8 20. f3 g5 21. Rab1 Bb8 22. Nc3 a5 23. Qf2 Qxf2+ 24. Kxf2 g4 25. b4 Be5 26. Ne2 gxf3 27. Kxf3 axb4 28. Rxb4 Nxe4 29. Ba2 Nc5 30. Nf4 Bxf4 31. Rxf4 Ra8 32. Rd6 Rae8 33. Rg4 Ne6 34. Bxe6 Rxe6 35. Rxe6 fxe6+ 36. Ke4 Rf5 37. h4 Kf7 38. Ke3 Ra5 39. Rb4 b5 40. axb5 Rxb5 41. Ra4 Rb7 42. Ke4 Ke7 43. h5 Kf6 44. Rc4 Rc7 45. g4 c5 46. Kf4 Rc6 47. g5+ Ke7 48. Ke5 Rc8 49. Ra4 Rc7 50. Rc4 Rc8 51. Ra4 Rc7 52. Rc4 Rc8 1/2-1/2